000 003820000a22001570004500
020 _aL&V 0021440003
041 0 _aPortugués español inglés
082 0 4 _aDVD 008
110 1 _aLuz e Vida
245 1 0 _aSmilinguido en moda amarilla
260 _aBrasil : Luz e Vida
300 _a35 min.
505 0 0 _aPelicula dibujo animado. cat. 3 a 11 años
001 1122
942 _cLGB
999 _c48297
_d48297